Savings and Development

Guardado en:
Detalles Bibliográficos
Formato: Seriadas
Lenguaje:inglés
Publicado: Milano Cariplo 1995
Materias:
Etiquetas: Agregar Etiqueta
Sin Etiquetas, Sea el primero en etiquetar este registro!

MARC

LEADER 00000nas2a2200000 4500
001 s102440
005 20041019155340.8
022 |a 0393-4551 
041 0 |a eng 
044 |a IT 
245 1 0 |a Savings and Development 
264 1 |a Milano  |b Cariplo  |c 1995 
300 |a 1 zv. 
773 0 |w eu_un_cat*s120221 
610 2 0 |a banky 
610 2 0 |a úspory